000 00376nam a2200145Ia 4500
008 230717s9999 xx 000 0 und d
020 _a0-421-57650-2
041 _aeng
082 _a342
_bPHI
100 _aPhillips L O H
245 _aConstitutional And Administrative Law
250 _a8ed.
260 _aLondon
_bSweet & Maxwell
_c2001
700 _a Jackson P, Leopold P
999 _c672330
_d672330